Les plus grands Poissons - Statistiques

Statistiques générales
  • Ce quiz a été pris 72 fois
  • Le résultat moyen est 5 sur 11
Statistiques - réponses
Hint Réponse % Correct
7 mètres Grand requin Blanc
86%
18-20 mètres Requin-baleine
84%
6 mètres Requin-marteau géant
67%
5,5 mètres Requin-tigre
65%
12 mètres Requin pèlerin
56%
4,5 mètres Espadon
44%
3-4 mètres Poisson-lune
35%
7 mètres Esturgeon Beluga
26%
5-11 mètres Régalec
19%
5 mètres Marlin bleu
18%
7mètres Requin du Groenland
18%
Aucun quiz correspondant
Distribution des résultats
% des personnes avec chaque résultat
Percentile par nombre de réponses
Votre historique - résultats
Vous n’avez pas pris ce quiz